| 000 | 01129 a2200229 4500 | ||
|---|---|---|---|
| 005 | 20080916114216.0 | ||
| 008 | 080916t xxu||||| |||| 00| 0 hin d | ||
| 010 | _aHIN-80894 | ||
| 020 |
_a8186303138 _c250.00 |
||
| 035 | _aHN-53240 | ||
| 037 | _bD.B.Act / pub | ||
| 082 | _a483.2 | ||
| 245 |
_aप्रशासनिक अंग्रेजी-हिन्दी कोश _cसंपादक नरेश कुमार |
||
| 246 |
_aPrashasnik Angreji Hindi Kosh _bEd by Naresh Kumar |
||
| 260 |
_aदिल्ली _bविक्रम प्रकाशन _c2007 |
||
| 300 |
_a330पृ _c22 सेमी(सजिल्द) |
||
| 500 | _aसन 2004 का संस्करण आया है | ||
| 700 | _aनरेश कुमार | ||
| 270 |
_aई-11/5,कृष्णा नगर _bदिल्ली _e110051 |
||
| 942 |
_adpl _cHN _k483.2 / प्रशास _2ddc _h483.2 _mप्रशास |
||
| 999 |
_c7256 _d7256 |
||